ბათუმის შოთა რუსთაველის სახელმწიფო უნივერსიტეტის ბიბლიოთეკა

დაფერფლილი დიდება [ჯორდანო ბრუნო] : (ბიბ.ჩანაწერი № 36229)

000 -ლიდერი
ფიქსირებული სიგრძის საკონტროლო ველი 00979nam a2200241Ia 4500
001 - საკონტროლო ნომერი
საკონტროლო ველი 2132
003 - საკონტროლო ნომრის იდენტიფიკატორი
საკონტროლო ველი GE_BSU
005 - ბოლო ოპერაციის თარიღი და დრო
საკონტროლო ველი 20191210171942.0
008 - ფიქსირებული სიგრძის მონაცემთა ელემენტები - ზოგადი ინფორმაცია
ფიქსირებული სიგრძის საკონტროლო ველი 181216s1966||||ge |||||||||||||| ||geo||
040 ## - კატალოგიზაციის წყარო
Transcribing agency GE_BSU
041 ## - ენის კოდი
Language code of text/sound track or separate title geo
080 ## - უნივერსალური ათობითი კლასიფიკაციის ინდექსი
Universal Decimal Classification number 821.353.1–311.6 გ-30
100 ## - მთავარი ჩანაწერი - პიროვნების სახელი
Personal name გელოვანი, აკაკი.
9 (RLIN) 1260
245 ## - ცნობა სათაურის შესახებ
Statement of responsibility, etc აკაკი გელოვანი ; რედ. გ. გონაშვილი.
Title დაფერფლილი დიდება [ჯორდანო ბრუნო] :
Remainder of title ისტორიული რომანი /
260 ## - გამოქვეყნების, გავრცელების, და სხვა. ცნობები
Place of publication, distribution, etc თბილისი
260 ## - გამოქვეყნების, გავრცელების, და სხვა. ცნობები
Name of publisher, distributor, etc საბჭოთა საქართველო
260 ## - გამოქვეყნების, გავრცელების, და სხვა. ცნობები
Date of publication, distribution, etc 1966
300 ## - ფიზიკური აღწერა
Extent 494 გვ. :
Other physical details ილ.,
Dimensions 22 სმ.
653 ## - INDEX TERM--UNCONTROLLED
Uncontrolled term ჯორდანო ბრუნო
653 ## - INDEX TERM--UNCONTROLLED
Uncontrolled term ისტორიული რომანი.
700 ## - ADDED ENTRY--PERSONAL NAME
Personal name გონაშვილი, გ.
Relator term რედაქტორი
9 (RLIN) 1261
942 ## - ADDED ENTRY ELEMENTS (KOHA)
Koha item type წიგნი
Source of classification or shelving scheme
ეგზემპლარები
ჩამოწერის სტატუსი დაკარგული ეგზემპლარის სტატუსი კლასიფიკაციის წყარო ან თაროზე გაწყობის სქემა დაზიანების სტატუსი არ გაიცემა მუდმივი მდებარეობა (დაცვის ადგილი) ამჟამინდელი ადგილსამყოფელი თაროზე განთავსების ადგილი შეძენის თარიღი სრული შენახვის შიფრი შტრიხკოდი ბოლო ოპერაციის თარიღი ეგზემპლარის მიმდევრობითი ნომერი (კეტერი?) ფასის ძალაში შესვლის თარიღი ეგზემპლარის სახეობა საჯარო შენიშვნა ღირებულება, შესყიდვის ნორმალური ფასი
          ბათუმის შოთა რუსთაველის სახელმწიფო უნივერსიტეტის მთავარი ბიბლიოთეკა ბათუმის შოთა რუსთაველის სახელმწიფო უნივერსიტეტის მთავარი ბიბლიოთეკა წიგნსაცავი 2018-12-17 821.353.1–311.6 გ-30 4242 2018-12-17 4242 2018-12-17 წიგნი 2 ლ. 04 თ.  
          ბათუმის შოთა რუსთაველის სახელმწიფო უნივერსიტეტის მთავარი ბიბლიოთეკა ბათუმის შოთა რუსთაველის სახელმწიფო უნივერსიტეტის მთავარი ბიბლიოთეკა წიგნსაცავი 2018-12-17 821.353.1–311.6 გ-30 14481 2018-12-17 14481 2018-12-17 წიგნი 2 ლ. 04 თ. 2.04
          ბათუმის შოთა რუსთაველის სახელმწიფო უნივერსიტეტის მთავარი ბიბლიოთეკა ბათუმის შოთა რუსთაველის სახელმწიფო უნივერსიტეტის მთავარი ბიბლიოთეკა წიგნსაცავი 2018-12-17 821.353.1–311.6 გ-30 14482 2018-12-17 14482 2018-12-17 წიგნი 2 ლ. 04 თ. 2.00